| 000 | 00971nam a2200289Ia 4500 | ||
|---|---|---|---|
| 999 |
_c4259 _d4259 |
||
| 003 | OSt | ||
| 005 | 20200605141642.0 | ||
| 008 | 191128s9999 xx 000 0 und d | ||
| 020 | _a9789587241013 | ||
| 040 |
_aCO-JMCR _cCO-JMCR |
||
| 041 | _aspa | ||
| 082 |
_aC / _bTOBc |
||
| 100 |
_aTobón, Aníbal, autor _95033 |
||
| 245 | 0 | _aEl caballo y la bicicleta / | |
| 245 | 0 | _cAníbal Tobón | |
| 260 | _aBogotá | ||
| 260 | _bLibros & libros | ||
| 260 | _c2010 | ||
| 300 | _a40 páginas | ||
| 300 | _b ilustraciones a color | ||
| 300 | _c 21 cm. | ||
| 490 | _aFantasía | ||
| 500 | _aRecomendado a partir de los 4 años. | ||
| 520 | _aEl caballo y la bicicleta es un cuento que dibuja la fantasía, la poesía y el color de la alegría, la belleza de la existencia. Se trata de la historia de amor entre una bicicleta y un caballo en la que prevalecen los sentimientos por encima de las aparie | ||
| 650 |
_aCuentos infantiles _95034 |
||
| 942 |
_2ddc _cBK |
||